| 000 | 00869nam a22002297a 4500 | ||
|---|---|---|---|
| 003 | 0 | ||
| 005 | 20260417180824.0 | ||
| 020 | _a9798888333792 | ||
| 082 | _aCS 333.70954 KRI | ||
| 100 |
_aKrishnan, N.R. _918863 |
||
| 100 |
_cIAS _918744 |
||
| 100 |
_d1962 _918864 |
||
| 245 | _aGreen economy : India's sustainable development | ||
| 260 |
_aChennai _bNotion Press _c2022 |
||
| 300 | _a326 | ||
| 520 | _aThis book traces the global and national process of gradual change in the integration of development and environment and, in a deeper sense the ethics of the relationship between humans and nature. One may say that the basic message of the book is “…Nature protects if protected.” | ||
| 600 |
_cCivil Services _918865 |
||
| 650 |
_aEconomics _918866 |
||
| 650 |
_aEconomic development _918867 |
||
| 650 |
_aEnvironmental economics _918868 |
||
| 942 | _cDB | ||
| 999 |
_c360750 _d360750 |
||